Aktuárske vedy v podmienkach poistného trhu Slovenskej republiky [zborník abstraktov]

Salvato in:
Dettagli Bibliografici
Ente Autore: Aktuárske vedy v podmienkach poistného trhu Slovenskej republiky. Seminár
Natura: Libro
Lingua:slovacco
Pubblicazione: Bratislava Katedra matematiky Fakulty hospodárskej informatiky Ekonomickej univerzity v Bratislave 2006
Soggetti:
Tags: Aggiungi Tag
Nessun Tag, puoi essere il primo ad aggiungerne!!

MARC

LEADER 00000nam$a2200000$$$4500
001 0045367
005 20230112083819.9
041 0 |a slo 
044 |a SK 
245 1 0 |a Aktuárske vedy v podmienkach poistného trhu Slovenskej republiky  |b [zborník abstraktov] 
264 1 |a Bratislava  |b Katedra matematiky Fakulty hospodárskej informatiky Ekonomickej univerzity v Bratislave  |c 2006 
300 |a 21 s. 
610 2 0 |a aktuári 
610 2 0 |a metódy aktuárske 
610 2 0 |a poistenie nemocenské 
610 2 0 |a poistenie dôchodkové 
610 2 0 |a výskum 
610 2 0 |a trh poistný 
610 2 0 |a Slovensko 
610 2 0 |a poistenie neživotné 
610 2 0 |a poistenie životné 
110 2 |a Aktuárske vedy v podmienkach poistného trhu Slovenskej republiky. Seminár